00363nam a2200145Ia 4500008004100000020001500041041001200056082001600068100002200084245004600106260002500152300000800177650001400185700001800199221030s9999 xx 000 0 und d a0070582963 aEnglish a105.23bMat aR. A. Mata-Toledo 0aSchaum`s Introduction to Computer Science bTMHaNew Delhic2005 a296 aComputers aP. K. Cushman